Normal view MARC view

Entry Nombre personal

Number of records used in: 1

001 - NÚMERO DE CONTROL

  • campo de control: 234552

003 - IDENTIFICADOR DE NÚMERO DE CONTROL

  • campo de control: SpMaBN

005 - FECHA Y HORA DE LA ÚLTIMA TRANSACCIÓN

  • campo de control: 20231113193653.0

008 - ELEMENTOS DE DATO DE LONGITUD-FIJA

  • campo de control de longitud fija: 150311n|#azznnaabn |n aaa ##

010 ## - NÚMERO DE CONTROL DE LA BIBLIOTECA DEL CONGRESO

  • Número de control de LC: XX5469949

024 7# - IDENTIFICADOR DE OTROS ESTÁNDARES

  • Número estándar o código: http://viaf.org/viaf/315089352/
  • Fuente: viaf

040 ## - FUENTE DE CATALOGACIÓN

  • Centro catalogador/agencia de origen: SpMaBN
  • Lengua de catalogación: spa
  • Centro/agencia transcriptor: SpMaBN
  • Normas de descripción: rdc
  • Convención/Normas de encabezamiento de materia/tesauro: embne

046 ## - FECHAS CON CODIFICACIÓN ESPECIAL

  • Fecha de nacimiento: 1967

100 1# - ENCABEZAMIENTO-NOMBRE DE PERSONA

  • Nombre de persona: Didierlaurent, Jean-Paul,
  • Fechas asociadas al nombre: 1967-

375 ## - GÉNERO/SEXO

  • Género: Masculino

670 ## - FUENTE DE DATOS ENCONTRADOS

  • Cita de la fuente: El lector del tren de les 6.27 h, 2015
  • Información encontrada: port. (Jean-Paul Didierlaurent) solapa (n. 1967, Francia; autor literario)